La importancia de las habilidades y estrategias de lectura en la Universidad (Record no. 71427)
[ view plain ]
| 000 -CABECERA | |
|---|---|
| campo de control de longitud fija | 00424nam a2200157 a 4500 |
| 005 - FECHA Y HORA DE LA ÚLTIMA TRANSACCIÓN | |
| campo de control | 20210223123939.0 |
| 008 - ELEMENTOS DE LONGITUD FIJA--INFORMACIÓN GENERAL | |
| campo de control de longitud fija | 991125n 000 0 spa u |
| 035 ## - NÚMERO DE CONTROL DEL SISTEMA | |
| Número de control de sistema | UPN01000084705 |
| 100 1# - ASIENTO PRINCIPAL--NOMBRE PERSONAL | |
| Nombre de persona | Argudín, Yolanda |
| 9 (RLIN) | 28744 |
| 222 ## - TÍTULO CLAVE | |
| Título clave | DIDAC |
| 245 ## - MENCIÓN DE TÍTULO | |
| Título | La importancia de las habilidades y estrategias de lectura en la Universidad |
| 300 ## - DESCRIPCIÓN FÍSICA | |
| Extensión | 6-8 |
| 362 ## - FECHAS DE PUBLICACIÓN Y/O DESIGNACIÓN SECUENCIAL | |
| Fecha de publicación y/o designación secuencial | 1997 No. 29 |
| 904 ## - ELEMENTOS DE DATOS D LOCAL, LDD (RLIN) | |
| a | AC |
| b | 022516 |
| 905 ## - TIPO DE MATERIAL | |
| Tipo de material | Articulo |
No items available.
